1612 1988 1087 1020 1772 1824 1802 1867 1253 1692 1653 1202 1807 1931 1406 1486 1433 1710 1982 1299 1517 1121 1134 1583 1298 1941 1844 1264 1204 1644 1182 1627 1604 1136 1068 1337 1558 1905 1447 1079 1761 1697 1161 1256 1155 1976 1029 1954 1940 1218 1525 1593 1014 1774 1984 1207 1873 1350 1865 1399 1505 1358 1977 1167 1400 1924 1941 1007 1012 1417 1635 1741 1528 1542 1697 1413 1316 1737 1082 1208 1290 1408 1648 1185 1198 1657 1226 1341 1489 1147 1824 1388 1332 1432 1029 1898 1773 1549 1722 BCNSPRNW ULIB Ver.6.0+V

เปลี่ยนเป็นภาษาไทย

Change to English
 แสดงรายละเอียดบรรณานุกรม
  กลับหน้าหลัก

Brief Record : Get Marc (ISO 2709) : E-mail record : QR code < ปิดหน้าต่าง
LEADER : 00000nas 2200000uu 4500
001    13399123703
003     ULIB
008    020711s|||| th a 000 0 tha d
022    1905453X
110    โรงพยาบาลพระพุทธบาท
245    วารสารวิชาการสาธารณสุขเขต5/^cโรงพยาบาลพระพุทธบาท
260    สระบุรี :^bโรงพยาบาลพระพุทธบาท,^cม.ป.ป.
310    ^aรายสี่เดือน
850 ^a ULIB:campus^bปีที่ 7 ฉบับที่ 1 ฉ.1 ;ปีที่ 8 ฉบับที่ 2 ฉ.1 ;ปีที่ 11 ฉบับที่ 1 ฉ.1
850 ^a ULIB^bปีที่ 7 ฉบับที่ 1 ฉ.1 ;ปีที่ 8 ฉบับที่ 1 ฉ.1 ;ปีที่ 11 ฉบับที่ 1 ฉ.1
945    ^p0^l0^i801077
945    ^p0^l0^i801078
945    ^p0^l0^i902650
945    ^p0^l0^i902651
945    ^p0^l0^i802439
945    ^p0^l0^i905540
รายการนี้ยังไม่มีแท็ก
คุณยังไม่ได้ล็อกอิน คุณสามารถมีกิจกรรมร่วมกับเว็บไซต์ได้ แต่ต้องล็อกอินก่อน ::
  ล็อกอิน

รายการสื่อสารสนเทศ (วารสาร)

ดูแบบ: กล่อง รายการ
ARRIVED
ปีที่ 7 ฉบับที่ 1 ฉ.1
สถานที่: ห้องสมุดวิทยาเขตนครสวรรค์ >วารสารห้องสมุดวิทยาเขตสวรรค์ประชารักษ์ >วารสาร
ARRIVED
ปีที่ 8 ฉบับที่ 1 ฉ.1
สถานที่: ห้องสมุดวิทยาเขตสวรรค์ประชารักษ์ >วารสาร
ARRIVED
ปีที่ 8 ฉบับที่ 2 ฉ.1
สถานที่: ห้องสมุดวิทยาเขตนครสวรรค์ >วารสาร
ARRIVED
ปีที่ 11 ฉบับที่ 1 ฉ.1
สถานที่: ห้องสมุดวิทยาเขตนครสวรรค์ >วารสารห้องสมุดวิทยาเขตสวรรค์ประชารักษ์ >วารสาร

BibComment


ยังไม่เคยถูกคอมเมนท์

คอมเมนท์ทรัพยากรรายการนี้
  คอมเมนท์: วารสารวิชาการสาธา..


 Copyright 2026. Bcnsprnw @Library